<?xml version="1.0" encoding="UTF-8"?>
<marc:record xmlns:marc="http://www.loc.gov/MARC21/slim">
   <marc:leader>00000nam a2200000 a 4500</marc:leader>
   <marc:datafield ind1="1" ind2=" " tag="100">
      <marc:subfield code="a">Claudel, Philippe</marc:subfield>
      <marc:subfield code="4">aut</marc:subfield>
      <marc:subfield code="e">Verfasser/-in</marc:subfield>
   </marc:datafield>
   <marc:datafield ind1="1" ind2=" " tag="100">
      <marc:subfield code="a">Seiler, Christiane</marc:subfield>
      <marc:subfield code="4">trl</marc:subfield>
      <marc:subfield code="e">Übersetzer/-in</marc:subfield>
   </marc:datafield>
   <marc:datafield ind1=" " ind2=" " tag="653">
      <marc:subfield code="a">Dorf</marc:subfield>
   </marc:datafield>
   <marc:datafield ind1=" " ind2=" " tag="653">
      <marc:subfield code="a">Einwohner</marc:subfield>
   </marc:datafield>
   <marc:datafield ind1=" " ind2=" " tag="653">
      <marc:subfield code="a">Schuld</marc:subfield>
   </marc:datafield>
   <marc:datafield ind1=" " ind2=" " tag="653">
      <marc:subfield code="a">Gewissensfreiheit</marc:subfield>
   </marc:datafield>
   <marc:datafield ind1=" " ind2=" " tag="653">
      <marc:subfield code="a">Fiktionale Darstellung</marc:subfield>
   </marc:datafield>
   <marc:datafield ind1=" " ind2=" " tag="653">
      <marc:subfield code="a">Belletristische Darstellung</marc:subfield>
   </marc:datafield>
   <marc:datafield ind1="0" ind2="0" tag="245">
      <marc:subfield code="a">Brodecks Bericht</marc:subfield>
   </marc:datafield>
   <marc:datafield ind1="0" ind2="0" tag="245">
      <marc:subfield code="b">Roman</marc:subfield>
   </marc:datafield>
   <marc:datafield ind1="0" ind2="0" tag="245">
      <marc:subfield code="c">Philippe Claudel. Aus dem Franz. von Christiane Seiler</marc:subfield>
   </marc:datafield>
   <marc:datafield ind1=" " ind2="1" tag="264">
      <marc:subfield code="a">Reinbek bei Hamburg</marc:subfield>
      <marc:subfield code="b">Kindler</marc:subfield>
      <marc:subfield code="c">2009</marc:subfield>
   </marc:datafield>
   <marc:datafield ind1=" " ind2=" " tag="250">
      <marc:subfield code="a">1. Aufl.</marc:subfield>
   </marc:datafield>
   <marc:datafield ind1="1" ind2=" " tag="520">
      <marc:subfield code="a">Angaben aus der Verlagsmeldung

Brodecks Bericht : Roman / von Philippe Claudel

Ein kleines Dorf im deutsch-französischen Grenzgebiet, kurz nach dem Ende des Zweiten Weltkriegs. Der Außenseiter Brodeck lebt hier zurückgezogen mit seiner Familie. Als er eines Abends in das Wirtshaus geht, trifft er dort auf die Dorfgemeinschaft, die gerade kollektiv einen Fremden ermordet hat. Dieser Fremde, von allen nur "der Andere" genannt, war ein weit gereister Gelehrter: Sein Wissen, seine Fähigkeiten und seine Andersartigkeit machte den Menschen Angst, schürte ihr Misstrauen, brachte sie gegen ihn auf. Brodeck ist entsetzt. Er möchte nichts damit zu tun haben. Doch die Männer, allen voran der Bürgermeister und Schweinezüchter Orschwir, drängen ihn, einen Bericht zu verfassen. Er, der schreiben kann, der davon lebt, die Pflanzenwelt der Region zu katalogisieren, der sogar eine Maschine zum Schreiben hat, soll erklären, wie es zu der Tat kommen konnte. Brodeck hat keine Wahl: Er muss den Auftrag annehmen. Doch je mehr er von den Umständen erfährt, desto klarer wird ihm, dass er kein Verständnis für das Verbrechen aufbringen kann. So wird er selbst allmählich zur Zielschreibe ihrer Drohungen...

Virtuos konstruiert und mit Eleganz geschrieben, lotet Philippe Claudel in seinem neuen Roman einmal mehr die Abgründe des menschlichen Zusammenlebens aus.
</marc:subfield>
   </marc:datafield>
   <marc:datafield ind1=" " ind2=" " tag="020">
      <marc:subfield code="a">9783463405551</marc:subfield>
      <marc:subfield code="9">9783463405551</marc:subfield>
   </marc:datafield>
   <marc:datafield ind1=" " ind2=" " tag="041">
      <marc:subfield code="a">ger</marc:subfield>
   </marc:datafield>
   <marc:datafield ind1=" " ind2=" " tag="300">
      <marc:subfield code="a">331 S.</marc:subfield>
   </marc:datafield>
</marc:record>
